Peper cropping system in da commune, memut district, kampong cham province, ប្រព័ន្ធដាំដុះដំណាំម្រេច នៅឃុំដារ​ស្រុកមេមត់ ខេត្តកំពង់ចាម (Record no. 6855)

000 -LEADER
fixed length control field 00585nam a22001217a 4500
040 ## - CATALOGING SOURCE
Transcribing agency RUA
082 ## - DEWEY DECIMAL CLASSIFICATION NUMBER
Classification number MGR KHA 2013 B410 O.1
100 ## - MAIN ENTRY--AUTHOR NAME
Personal name KHAN KOSAL; ខាន់ កុសល
245 ## - TITLE STATEMENT
Title Peper cropping system in da commune, memut district, kampong cham province, ប្រព័ន្ធដាំដុះដំណាំម្រេច នៅឃុំដារ​ស្រុកមេមត់ ខេត្តកំពង់ចាម
300 ## - PHYSICAL DESCRIPTION
Number of Pages xi,55p.
Other physical details ill.
Dimensions 29cm.
856 ## - ELECTRONIC LOCATION AND ACCESS
Uniform Resource Identifier https://drive.google.com/file/d/1y3KF2NhkKqae7YwwFdcik9jXFQScWuXL/view?usp=sharing
942 ## - ADDED ENTRY ELEMENTS (KOHA)
Koha item type MGR
952 ## - LOCATION AND ITEM INFORMATION (KOHA)
Withdrawn status [LOCAL, KOHA] 0
952 ## - LOCATION AND ITEM INFORMATION (KOHA)
Withdrawn status [LOCAL, KOHA] 0
952 ## - LOCATION AND ITEM INFORMATION (KOHA)
Withdrawn status [LOCAL, KOHA] 0
952 ## - LOCATION AND ITEM INFORMATION (KOHA)
Withdrawn status [LOCAL, KOHA] 0
952 ## - LOCATION AND ITEM INFORMATION (KOHA)
Withdrawn status [LOCAL, KOHA] 0
952 ## - LOCATION AND ITEM INFORMATION (KOHA)
Withdrawn status [LOCAL, KOHA] 0
952 ## - LOCATION AND ITEM INFORMATION (KOHA)
Withdrawn status [LOCAL, KOHA] 0
952 ## - LOCATION AND ITEM INFORMATION (KOHA)
Withdrawn status [LOCAL, KOHA] 0
Holdings
Permanent Location Date acquired Koha item type Lost status Shelving location Barcode Current Location Full call number
Library Block B2016-02-17MGR B410RUA051956Library Block BMGR KHA 2013 B410 O.1
Library Block B2016-02-17MGR B410RUA049080Library Block BMGR KHA 2013 B410 O.2
Library Block B2016-02-17MGR B410RUA048886Library Block BMGR KHA 2013 B410 O.3
Library Block B2016-02-17MGR B410RUA049058Library Block BMGR KHA 2013 B410 O.4
Library Block B2016-02-17MGR B410RUA048715Library Block BMGR KHA 2013 B410 O.5
Library Block B2016-02-17MGR B410RUA048727Library Block BMGR KHA 2013 B410 O.6
Library Block B2016-02-17MGR B410RUA051955Library Block BMGR KHA 2013 B410 O.7
Library Block B2016-06-15MGR  RUA057606Library Block BMGR KHA 2013 B410 O.8
មជ្ឈមណ្ឌលឯការនៃសាកលវិទ្យាល័យភូមិន្ទកសិកម្មចំការដូង

Powered by Koha